=LDR 00000nam 2200000 4500 =001 INLIS000000000021206 =005 20130612120102 =008 ***********************************Ind** =035 ##$$0010-061300000021206 =041 ##$$a Ind =082 ##$$a 345 =090 ##$$a 345, Sya h =100 ##$$a Syadifin, Pipin =245 ##$$a Hukum pidana di Indonesia, untuk fakultas syari'ah komponen MKK, Pipin Syarifin, S.H =260 ##$$a 2000 $b Bandung =300 ##$$a 500 hlm, 21 cm =650 ##$$a Hukum Pidana =850 ##$$a NBPNMAT